书目信息 |
| 题名: |
Visual FoxPro 8.0 程序设计
|
|
| 作者: | 黄维通 主编 | |
| 分册: | ||
| 出版信息: | 北京 清华大学出版社 2007.10 |
|
| 页数: | 236页 | |
| 开本: | 26cm | |
| 丛书名: | ||
| 单 册: | ||
| 中图分类: | TP311.138 | |
| 科图分类: | ||
| 主题词: | 软件 | |
| 电子资源: | ||
| ISBN: | 978-7-302-14895-1 | |
| 000 | 00606nam0 2200193 450 | |
| 001 | 0860596603 | |
| 005 | 20080229165106.00 | |
| 010 | @a978-7-302-14895-1@dCNY22.00 | |
| 100 | @a20080229d2007 km y0chiy0120 ea | |
| 101 | 0 | @achi |
| 102 | @aCN@b110000 | |
| 200 | 1 | @aVisual FoxPro 8.0 程序设计@AVisual FoxPro 8.0 cheng xu she ji@f黄维通主编@Fhuang wei tong zhu bian |
| 210 | @a北京@c清华大学出版社@d2007.10 | |
| 215 | @a236页@d26cm | |
| 606 | 0 | @a软件 |
| 690 | @aTP311.138@v4 | |
| 701 | 0 | @a黄维通@Ahuang wei tong@4主编 |
| 801 | 0 | @aCN@b大连网信软件有限公司图书馆·11@c20080229 |
| 905 | @aZUCC@dTP311.138@eH890 | |
| Visual FoxPro 8.0 程序设计/黄维通主编.-北京:清华大学出版社,2007.10 |
| 236页;26cm |
| ISBN 978-7-302-14895-1:CNY22.00 |
| ● |
| 相关链接 |
|
|
|
正题名:Visual FoxPro 8.0 程序设计
索取号:TP311.138/H890
 
预约/预借
| 序号 | 登录号 | 条形码 | 馆藏地/架位号 | 状态 | 备注 |
| 1 | 478408 | 204784082 | 期刊室512/ [索取号:TP311.138/H890] | 在馆 |